| 000 | 00429pam a2200157 a 4500 | ||
|---|---|---|---|
| 020 | _a0716719894 | ||
| 040 | _cDLC | ||
| 082 | 0 | 0 | _a519 W.H.F 1989 A059 Or. |
| 100 | 1 | _aMoore, David S. | |
| 245 | 1 | 0 | _aIntroduction to the practice of statistics / |
| 260 |
_aNew York : _bW.H. Freeman, _cc1989. |
||
| 300 |
_axix, 790, 49 p. : _bill. ; _c25 cm. |
||
| 650 | 0 | _aMathematical statistics. | |
| 700 | 1 | _aMcCabe, George P. | |
| 942 | _cEK | ||
| 999 |
_c14140 _d14140 |
||